Os celtas safados (Registo nº 419)

Detalhes MARC
000 -Etiqueta do registo
Cabeçalho 00890nam0a2200301 4500
005 - Identificador da versão
Campo de controlo 20240813121803.0
010 ## - Número internacional normalizado dos livros (ISBN)
Número (ISBN) 9721047090
021 ## - Número do Depósito Legal
Código do país PT
Número 149702/00
100 ## - Dados gerais de processamento
Dados gerais de processamento 20160613d2000 m y0pory5003 ba
102 ## - Pais de publicação ou produção
País de publicação Portugal
101 1# - Língua de publicação
Língua do texto, banda sonora, etc. Português
Língua do documento no original Inglês
215 ## - Descrição física 
Indicação específica da natureza do documento e extensão da espécie 126, [1] p.
Outras indicações físicas il
200 1# - Titulo e menção de responsabilidade
Título próprio Os celtas safados
Primeira menção de responsabilidade Terry Deary
Outras menções de responsabilidade il. Martin Brown
225 2# - Colecção 
Título próprio da colecção História horrível
210 ## - Publicação, Distribuição, etc. 
Lugar da edição, distribuição, etc. Mem Martins
Nome do editor, distribuidor, etc. Europa-América
Data da publicação, distribuição, etc. 2000
300 ## - Notas gerais 
Texto da nota Plano Nacional de Leitura
606 ## - Nome comum usado como assunto
Número de registo de entrada de autoridade 0002984
Palavra de ordem História
Subdivisão de assunto Celtas
Código do sistema CA
Número de registo de entrada de autoridade 0002985
Palavra de ordem Celtas(Povos)
Código do sistema CA
Número de registo de entrada de autoridade 0002988
Palavra de ordem Celtas (Povos)
Subdivisão de assunto Civilização
Código do sistema CA
675 ## - Classificação Decimal Universal (CDU)
Notação 94(364)
Edição 3ª ed
Língua da edição por
Notação 316.72(364)
Edição 3ª ed.
Língua da edição por
702 ## - Nome de autor-pessoa física (responsabilidade secundária)
Número de registo de entrada de autoridade 0000478
Palavra de ordem Brown
Outra parte do nome não tomada para palavra de ordem Martin
Código de função Ilustrador / Técnico de desenho computorizado
700 ## - Nome de autor-pessoa física (responsabilidade principal)
Número de registo de entrada de autoridade 0000477
Palavra de ordem Deary
Outra parte do nome não tomada para palavra de ordem Terry
966 ## - Identificação da Biblioteca
Sigla EB2,3ENM
942 ## - Elementos de entrada adicionados (Koha)
Tipo de item no Koha Livro
Exemplares
Situação do levantamento Origin of item (home branch) (coded) Biblioteca de empréstimo Código de barras Cota Circulation type (not for loan) Tipo de documento Nota do exemplar Damaged status
  Biblioteca Escolar Eng. Nuno Mergulhão Biblioteca Escolar Eng. Nuno Mergulhão BENM852 94 DEA PNL   Livro Sem mensagem